00933nas a2200229Ia 4500001001100000003000900011008004100020040001300061040001300074041001300087100004900100210001200149222001200161245006400173250001100237260002200248501008600270300001700356362002600373500026100399650004300660R142/77664IT-RoPAU151124c99999999xx |||||||||||| ||und|| aIT-RoPAU cIT-RoPAU aFRANCESE aBoullier DominiquegCodice Aut. SPICS: 42043 aRESEAUX aReseaux aRESEAUX, N.038 (DICEMBRE 1989)bArcheologie Des Messageries a1a ed. aPARISbCNETc1989 bPaulus - SPICS - Società San Paolo EM (non-commercial uses only)cCopyright2015 a21 p. [9-29] aN.038 (DICEMBRE 1989) aArcheologia Delle Massaggerie: Servizio di Trasmissione dei Messaggi Informatici e Telematici con Minitel, Telecom. Nascita del Programma. Promotori.Attività Industriale. Abbondanza e Varietà. Accessibilità e Selettività. Permanenza e Immediatezza. aCOMUNICAZIONEvPUBBLICAZIONE PERIODICA